| 000 | 00490nam a2200205Ia 4500 | ||
|---|---|---|---|
| 008 | 210210b1962 xxu||||| |||| 00| 0 eng d | ||
| 041 | _aeng | ||
| 082 | _a920/54 | ||
| 100 | _aTOYNBEE (A J) | ||
| 245 | _aPresent day experiment in western civilization | ||
| 260 |
_aLondon _bOxford University Press _c1962 |
||
| 650 | _awestern | ||
| 650 | _aPresent | ||
| 650 | _ain | ||
| 650 | _aexperiment | ||
| 650 | _aday | ||
| 650 | _acivilization | ||
| 690 | _aHistory | ||
| 906 | _a024796 | ||
| 999 |
_c150417 _d150417 |
||